00243nam a2200085Ia 450000100070000000500170000700800410002424500550006526000370012070982920250826162737.0250824s9999 xx 000 0 und d 0aKURANI KERİM VE AÇIKLAMALI MEALİcKOMİSYON bDİYANET İŞLERİ YAYINLARI